Drawn to Life (Record no. 2262)

000 -LEADER
fixed length control field 00345nam a2200145Ia 4500
008 - FIXED-LENGTH DATA ELEMENTS--GENERAL INFORMATION
fixed length control field 180730s9999||||xx |||||||||||||| ||und||
020 ## - INTERNATIONAL STANDARD BOOK NUMBER
International Standard Book Number 9.780240811e+012
082 ## - DEWEY DECIMAL CLASSIFICATION NUMBER
Classification number 570
Item number STA/D
100 ## - MAIN ENTRY--PERSONAL NAME
Personal name Stanchfield, Walt
245 #0 - TITLE STATEMENT
Title Drawn to Life
250 ## - EDITION STATEMENT
Edition statement 1st Edition
260 ## - PUBLICATION, DISTRIBUTION, ETC.
Place of publication, distribution, etc. Burlington
Name of publisher, distributor, etc. Focal Press
Date of publication, distribution, etc. 2009
300 ## - PHYSICAL DESCRIPTION
Extent 403p.
942 ## - ADDED ENTRY ELEMENTS (KOHA)
Institution code [OBSOLETE] BK
Holdings
Withdrawn status Lost status Damaged status Not for loan Collection code Permanent Location Current Location Date acquired Cost, normal purchase price Serial Enumeration / chronology Full call number Barcode Date last seen Price effective from Koha item type
        School of Animation (Noida) MUIT-NOIDA MUIT-NOIDA 2018-07-30 1690.00 1 570 STA/D ANM00311 2024-09-05 2018-07-30 Book

All Rights Reserved@MUIT

Powered by Koha